Main Players For Each Team at UEFA Euro 2024 - Statistics

General Stats
  • This quiz has been taken 319 times
  • The average score is 61 of 120
Answer Stats
Country Answer % Correct
England Captain Harry Kane
91%
England Most Caps 91 Harry Kane
91%
England Most Goals 63 Harry Kane
91%
France Captain Kylian Mbappé
90%
France Most Valuable €180.00m Kylian Mbappé
90%
Portugal Captain Cristiano Ronaldo
89%
Portugal Most Caps 207 Cristiano Ronaldo
89%
Portugal Most Goals 130 Cristiano Ronaldo
89%
Belgium Captain Kevin De Bruyne
89%
Croatia Captain Luka Modrić
89%
Croatia Most Caps 175 Luka Modrić
89%
Netherlands Captain Virgil van Dijk
88%
England Most Valuable €180.00m Jude Bellingham
87%
Poland Captain Robert Lewandowski
87%
Poland Most Caps 150 Robert Lewandowski
87%
Poland Most Goals 82 Robert Lewandowski
87%
Belgium Most Goals 85 Romelu Lukaku
87%
France Most Caps 133 Olivier Giroud
84%
France Most Goals 57 Olivier Giroud
84%
England Manager Gareth Southgate
82%
Denmark Most Goals 41 Christian Eriksen
81%
Spain Captain Álvaro Morata
77%
Spain Most Caps 73 Álvaro Morata
77%
Spain Most Goals 35 Álvaro Morata
77%
France Manager Didier Deschamps
77%
Germany Most Caps 129 Thomas Müller
77%
Germany Most Goals 45 Thomas Müller
77%
Germany Most Valuable €130.00m Florian Wirtz
74%
Netherlands Most Goals 45 Memphis Depay
74%
Georgia Most Goals 15 Khvicha Kvaratskhelia
73%
Georgia Most Valuable €80.00m Khvicha Kvaratskhelia
73%
Hungary Captain Dominik Szoboszlai
71%
Hungary Most Valuable €75.00m Dominik Szoboszlai
71%
Croatia Most Valuable €75.00m Joško Gvardiol
70%
Spain Most Valuable €120.00m Rodri
69%
Switzerland Captain Granit Xhaka
66%
Switzerland Most Caps 125 Granit Xhaka
66%
Slovenia Captain Jan Oblak
65%
Scotland Captain Andrew Robertson
64%
Scotland Most Caps 71 Andrew Robertson
64%
Germany Manager Julian Nagelsmann
62%
Czechia Most Goals 19 Patrik Schick
62%
Czechia Most Valuable €22.00m Patrik Schick
62%
Belgium Most Valuable €65.00m Jérémy Doku
61%
Portugal Most Valuable €90.00m Rafael Leão
61%
Serbia Most Goals 58 Aleksandar Mitrović
60%
Germany Captain İlkay Gündoğan
60%
Croatia Most Goals 33 Ivan Perišić
60%
Austria Captain Marko Arnautović
60%
Austria Most Caps 112 Marko Arnautović
60%
Austria Most Goals 36 Marko Arnautović
60%
Netherlands Manager Ronald Koeman
60%
Scotland Most Valuable €32.00m Scott McTominay
59%
Belgium Most Caps 154 Jan Vertonghen
58%
Portugal Manager Roberto Martínez
58%
Switzerland Most Goals 31 Xherdan Shaqiri
58%
Serbia Most Valuable €65.00m Dušan Vlahović
57%
Italy Captain Gianluigi Donnarumma
57%
Italy Most Caps 62 Gianluigi Donnarumma
57%
Denmark Most Valuable €65.00m Rasmus Højlund
57%
Slovenia Most Valuable €50.00m Benjamin Sesko
56%
Netherlands Most Valuable €80.00m Xavi Simons
56%
Italy Most Goals 9 Nicolò Barella
55%
Italy Most Valuable €80.00m Nicolò Barella
55%
Ukraine Most Valuable €38.00m Oleksandr Zinchenko
51%
Denmark Captain Simon Kjær
51%
Denmark Most Caps 132 Simon Kjær
51%
Czechia Captain Tomáš Souček
51%
Czechia Most Caps 69 Tomáš Souček
51%
Turkey Captain Hakan Çalhanoğlu
49%
Turkey Most Caps 86 Hakan Çalhanoğlu
49%
Turkey Most Valuable €45.00m Hakan Çalhanoğlu
49%
Spain Manager Luis de la Fuente
47%
Albania Most Valuable €22.00m Armando Broja
44%
Slovakia Captain Milan Škriniar
44%
Switzerland Most Valuable €45.00m Manuel Akanji
42%
Romania Most Valuable €25.00m Radu Drăgușin
41%
Italy Manager Luciano Spalletti
40%
Austria Manager Ralf Rangnick
40%
Austria Most Valuable €30.00m Konrad Laimer
37%
Romania Captain Nicolae Stanciu
37%
Romania Most Caps 70 Nicolae Stanciu
37%
Romania Most Goals 14 Nicolae Stanciu
37%
Serbia Captain Dušan Tadić
35%
Serbia Most Caps 108 Dušan Tadić
35%
Scotland Most Goals 18 John McGinn
33%
Netherlands Most Caps 107 Daley Blind
31%
Ukraine Captain Andriy Yarmolenko
30%
Ukraine Most Caps 119 Andriy Yarmolenko
30%
Ukraine Most Goals 46 Andriy Yarmolenko
30%
Belgium Manager Domenico Tedesco
30%
Croatia Manager Zlatko Dalić
30%
Albania Most Caps 84 Elseid Hysaj
25%
Poland Most Valuable €30.00m Jakub Kiwior
24%
Albania Captain Berat Djimsiti
21%
Hungary Most Goals 13 Roland Sallai
20%
Denmark Manager Kasper Hjulmand
19%
Albania Manager Sylvinho
18%
Turkey Most Goals 20 Cenk Tosun
17%
Switzerland Manager Murat Yakin
17%
Turkey Manager Vincenzo Montella
16%
Georgia Manager Willy Sagnol
15%
Slovakia Most Valuable €35.00m Dávid Hancko
13%
Hungary Manager Marco Rossi
13%
Scotland Manager Steve Clarke
13%
Georgia Captain Guram Kashia
12%
Georgia Most Caps 113 Guram Kashia
12%
Slovenia Most Goals 17 Josip Iličić
12%
Slovakia Most Goals 14 Juraj Kucka
10%
Poland Manager Michał Probierz
10%
Serbia Manager Dragan Stojković
8%
Slovakia Most Caps 127 Peter Pekarík
8%
Albania Most Goals 8 Rey Manaj
6%
Ukraine Manager Serhiy Rebrov
6%
Hungary Most Caps 69 Ádám Lang
5%
Romania Manager Edward Iordănescu
5%
Slovakia Manager Francesco Calzona
5%
Slovenia Manager Matjaž Kek
5%
Czechia Manager Ivan Hašek
3%
Slovenia Most Caps 91 Jasmin Kurtić
1%
No matching quizzes found
Score Distribution
Percent of People with Each Score
Percentile by Number Answered
Your Score History
You have not taken this quiz